European economic history; (Record no. 15376)

000 -LEADER
fixed length control field 00572cam a2200181 4500
020 ## - INTERNATIONAL STANDARD BOOK NUMBER
ISBN 0070113939
040 ## - CATALOGING SOURCE
Transcribing agency DLC
082 00 - DEWEY DECIMAL CLASSIFICATION NUMBER
Classification number 330 HIL 1975 A075 Or.
100 1# - MAIN ENTRY--AUTHOR NAME
Personal name Clough, Shepard B.
245 10 - TITLE STATEMENT
Title European economic history;
Remainder of title the economic development of Western civilization
250 ## - EDITION STATEMENT
Edition statement 3d ed.
260 ## - PUBLICATION, DISTRIBUTION, ETC. (IMPRINT)
Place of publication New York,
Name of publisher McGraw-Hill
Year of publication [1975]
300 ## - PHYSICAL DESCRIPTION
Number of Pages xix, 571 p.
Other physical details illus.
Dimensions 24 cm.
500 ## - GENERAL NOTE
General note First published in 1959 under title: The economic development of Western civilization.
650 #0 - SUBJECT ADDED ENTRY--TOPICAL TERM
Topical Term Economic history.
700 1# - ADDED ENTRY--PERSONAL NAME
Personal name Rapp, Richard T.,
942 ## - ADDED ENTRY ELEMENTS (KOHA)
Koha item type សៀវភៅភាសាអង់គ្លេស
952 ## - LOCATION AND ITEM INFORMATION (KOHA)
Withdrawn status [LOCAL, KOHA] 0
Holdings
Permanent Location Date acquired Koha item type Lost status Shelving location Barcode Current Location Full call number
Library Block A2017-11-20សៀវភៅភាសាអង់គ្លេស A075A06078Library Block A330 HIL 1975 A075 Or.
មជ្ឈមណ្ឌលឯការនៃសាកលវិទ្យាល័យភូមិន្ទកសិកម្មចំការដូង

Powered by Koha